000
00265nam a22000977a 4500
082
_a
625.8
_b
TEC
_c
D
100
_a
US Deptt of Transportation
_9
38666
245
_a
Techniques for Pavement Rehabilitation
526
_a
0
_b
0
_c
0
_d
625_800000000000000_TEC
942
_2
ddc
_c
BK
999
_c
547668
_d
547668